Les mouches : Extraits

Wedi'i Gadw mewn:
Manylion Llyfryddiaeth
Prif Awdur: Sartre, Jean-Paul
Fformat: Llyfr
Iaith:Undetermined
Cyhoeddwyd: París, Francia Bordas 1974
Pynciau:
Tagiau: Ychwanegu Tag
Dim Tagiau, Byddwch y cyntaf i dagio'r cofnod hwn!

MARC

LEADER 00000nam a2200000Ia 4500
008 170316s9999 xx 000 0 und d
040 |a cru BVZT 
090 |a 840 S-10mo 
100 |a Sartre, Jean-Paul 
245 |a Les mouches : Extraits 
260 |a París, Francia 
260 |b Bordas 
260 |c 1974 
300 |a 128 páginas 
650 |a LITERATURA FRANCESA 
650 |a LES MOUCHES - EXTRAITS 
650 |a EN IDIOMA FRANCÉS 
999 |c 7966  |d 7966 
942 |c 15 D  |h 840 S-10mo  |2 z